Admiralty Tidal Stream Atlas : (Record no. 1882)

000 -LEADER
fixed length control field 00675nam a2200241Ia 4500
007 - PHYSICAL DESCRIPTION FIXED FIELD--GENERAL INFORMATION
fixed length control field ta
008 - FIXED-LENGTH DATA ELEMENTS--GENERAL INFORMATION
fixed length control field 190719t1995 xxk||||g||||||||| ||und||
020 ## - INTERNATIONAL STANDARD BOOK NUMBER
International Standard Book Number 9780707721118
Terms of availability £ 15.00
040 ## - CATALOGING SOURCE
Original cataloging agency IMU Kochi Library
Language of cataloging eng
041 0# - LANGUAGE CODE
Language code of text/sound track or separate title eng
044 ## - COUNTRY OF PUBLISHING/PRODUCING ENTITY CODE
MARC country code United Kingdom
082 04 - DEWEY DECIMAL CLASSIFICATION NUMBER
Classification number 912.4223
Item number Un315
Edition number 23
110 ## - MAIN ENTRY--CORPORATE NAME
Corporate name or jurisdiction name as entry element Great Britain.
Subordinate unit Hydrographic Office
245 #0 - TITLE STATEMENT
Title Admiralty Tidal Stream Atlas :
Sub Title Dover Strait /
250 ## - EDITION STATEMENT
Edition statement 3rd ed.
260 ## - PUBLICATION, DISTRIBUTION, ETC. (IMPRINT)
Place of publication, distribution, etc Taunton :
Name of publisher, distributor, etc United Kingdom Hydrographic Office ,
Date of publication, distribution, etc 2010
300 ## - PHYSICAL DESCRIPTION
Extent various pagination ;
Dimensions 30 cm.
490 ## - SERIES STATEMENT
Series statement NP 233
650 ## - SUBJECT ADDED ENTRY--TOPICAL TERM
Topical term or geographic name as entry element Tides
Form subdivision Atlases
852 ## - LOCATION/CALL NUMBER
Location IMU Kochi Library
904 ## - LOCAL DATA ELEMENT D, LDD (RLIN)
CATALOGER Akhil Bose
942 ## - ADDED ENTRY ELEMENTS (KOHA)
Item type Books
Holdings
Withdrawn status Lost status Source of classification or shelving scheme Damaged status Not for loan Collection code Permanent location Current location Shelving location Date acquired Source of acquisition Cost, normal purchase price Total Checkouts Full call number Barcode Date last seen Date last borrowed Koha item type Public note
          Admiralty Publication IMU Kochi Library IMU Kochi Library Reference 2014-04-01 M/s Sterling Book House (Inv. No.543 dt. 2014-06-20) 1570.50 2 912.4223 Un315 BK001120 2022-05-04 2022-05-04 Books Shelf-4, Row-2


Copyright © All Rights Reserved by Indian Maritime University, Kochi Campus.
For any Suggestions/Query Contact to library or Email: library.kochi@imu.ac.in Ph:(0484)-2989402
(Web OPAC Designed by Rudra Ranjan. Maintained by IMU Kochi Library)

Powered by Koha